书目信息 |
| 题名: |
老年慢性病防治与家庭护理400问
|
|
| 作者: | 王晓娟 , 戴秀英 主编 | |
| 分册: | ||
| 出版信息: | 北京 中国中医药出版社 2017.12 |
|
| 页数: | 310页 | |
| 开本: | 21cm | |
| 丛书名: | ||
| 单 册: | ||
| 中图分类: | R592 , R473 , R592-44 | |
| 科图分类: | ||
| 主题词: | 老年病--慢性病--防治--问题解答 | |
| 电子资源: | ||
| ISBN: | 978-7-5132-4512-8 | |
| 000 | 01354nam0 2200277 450 | |
| 001 | 4609 | |
| 005 | 20181012141237.68 | |
| 010 | @a978-7-5132-4512-8@dCNY35.00 | |
| 100 | @a20180217d2017 em y0chiy50 ea | |
| 101 | 0 | @achi |
| 102 | @aCN@b110000 | |
| 105 | @ay z 000yy | |
| 200 | 1 | @a老年慢性病防治与家庭护理400问@9lao nian man xing bing fang zhi yu jia ting hu li 400 wen@f王晓娟,戴秀英主编 |
| 210 | @a北京@c中国中医药出版社@d2017.12 | |
| 215 | @a310页@d21cm | |
| 314 | @a王晓娟,硕士研究生,副主任护师,现任宁夏医科大学总医院护士长。 | |
| 314 | @a戴秀英,现任中国农工民主党宁夏区委员会主委,宁夏医科大学硕士生导师,二级教授,主任医师,全国政协委员等。 | |
| 330 | @a本书分老年保健常识、老年慢病防治、老年安全用药和老年家庭护理四个篇章。本书采用问答形式,帮助老年人了解健康基本知识,高血压、冠心病、糖尿病、慢性阻塞性肺疾病、脑血管病、恶性肿瘤等慢性病防治基本常识;帮助护理人员掌握老年家庭日常护理常识及常见疾病护理技术。提高老年人慢性防治自我管理能力,建立健康行为(合理膳食、适量运动、戒烟限酒、心理平衡),实现少发病、晚发病。让患病老人在家庭能分享到医院的专业医疗照护。 | |
| 606 | 0 | @a老年病@x慢性病@x防治@j问题解答 |
| 690 | @aR592@v5 | |
| 690 | @aR473@v5 | |
| 690 | @aR592-44@v4 | |
| 701 | 0 | @a王晓娟@9wang xiao juan@4主编 |
| 701 | 0 | @a戴秀英@9dai xiu ying@4主编 |
| 801 | 0 | @aCN@b91MARC@c20180217 |
| 905 | @aMuseLib@dR592-44@e147 | |
| 老年慢性病防治与家庭护理400问/王晓娟,戴秀英主编.-北京:中国中医药出版社,2017.12 |
| 310页;21cm |
| ISBN 978-7-5132-4512-8:CNY35.00 |
| 本书分老年保健常识、老年慢病防治、老年安全用药和老年家庭护理四个篇章。本书采用问答形式,帮助老年人了解健康基本知识,高血压、冠心病、糖尿病、慢性阻塞性肺疾病、脑血管病、恶性肿瘤等慢性病防治基本常识;帮助护理人员掌握老年家庭日常护理常识及常见疾病护理技术。提高老年人慢性防治自我管理能力,建立健康行为(合理膳食、适量运动、戒烟限酒、心理平衡),实现少发病、晚发病。让患病老人在家庭能分享到医院的专业医疗照护。 |
| ● |
| 相关链接 |
|
|
|
|
正题名:老年慢性病防治与家庭护理400问
索取号:R592-44/147
 
预约/预借
| 序号 | 登录号 | 条形码 | 馆藏地/架位号 | 状态 | 备注 |
| 1 | 1125956 | 211259564 | 第二样本阅览室/ [索取号:R592-44/147] | 在馆 | |
| 2 | 1125957 | 211259573 | 密集书库-生命科学系/ [索取号:R592-44/147] | 在馆 | |
| 3 | 1125958 | 211259582 | 第三借阅区/ [索取号:R592-44/147] | 在馆 | |
| 4 | 1125959 | 211259591 | 第三借阅区/ [索取号:R592-44/147] | 在馆 | |
| 5 | 1125960 | 211259608 | 第三借阅区/ [索取号:R592-44/147] | 在馆 |